| 000 | 00462nam a2200181Ia 4500 | ||
|---|---|---|---|
| 003 | GCL | ||
| 008 | 140319s9999 xx 000 0 eng d | ||
| 040 |
_aGCL / _cGCL |
||
| 082 | 0 | 4 |
_a843 _bB L |
| 100 | 1 | _aBELLEMARE, PIERRE | |
| 245 | 1 | 0 |
_aLES DOSSIERS D'INTERPOL / _cBELLEMARE, PIERRE |
| 700 | 1 | _aANTOINE, JACQUES | |
| 260 |
_a[S.N] : _bEDITION NO 1 ، _c1979 |
||
| 300 | _a283 P | ||
| 650 | 0 | 4 | _aLITERATURE |
| 650 | 0 | 4 | _aFRENCH LITERATURE |
| 942 |
_2ddc _cBK |
||
| 999 |
_c12373 _d12373 |
||